La guerra de los mil días (Registro nro. 17799)

Detalles MARC
000 -LDR (LÍDER)
Campo de control de longitud fija 02131nam a2200313 a 4500
003 - IDENTIFICADOR DEL NÚMERO DE CONTROL
Campo de control CO-PeBPR
005 - FECHA Y HORA DE LA ÚLTIMA TRANSACCIÓN
Campo de control 20260428102111.0
008 - ELEMENTOS DE DATOS DE LONGITUD FIJA--INFORMACIÓN GENERAL
Campo de control de longitud fija 260415e2024 ck a|||| n||| 00| 0 spa c
020 ## - Código Internacional normalizado para libros
Código Internacional normalizado para libros 9789585022102
040 0# - FUENTE DE CATALOGACIÓN
Agencia catalogadora original CO-PeBPR
Idioma de la agencia catalogadora spa
Agencia que transcribe CO-PeBPR
Norma para la descripción rda
041 0# - Código del Idioma
Código idioma del recurso original spa
082 04 - NÚMERO DE CLASIFICACIÓN DECIMAL DEWEY
Número de clasificación 986.106 B326g
100 1# - ASIENTO PRINCIPAL--NOMBRE PERSONAL
Nombre personal Bastidas Urresty, Édgar
Términos de relación autor
245 10 - MENCIÓN DE TÍTULO
Título propiamente dicho La guerra de los mil días
Subtítulo o título paralelo : en la historia de Colombia
Mención de responsabilidad / Édgar Bastidas Urresty
250 ## - MENCIÓN DE EDICIÓN
Mención de edición Edición especial
264 #1 - Área de la Producción Publicación, Distribución, Manufactura, etc.
Lugar de publicación, distribución, etc. Bogotá, Colombia
Nombre de la editorial, distribuidor, etc. : Grupo Editorial Ubáñez
Fecha de publicación, distribución, etc. , 2024
300 ## - DESCRIPCIÓN FÍSICA
Extensión 324 páginas
Otros detalles físicos : ilustraciones, fotografías en blanco y negro
Dimensiones ; 23 centímetros
336 ## - Tipo de Contenido
Tipo de contenido texto
Código de tipo de contenido txt
Fuente rdacontenido
337 ## - Tipo de Medio
Tipo de Medio sin mediación
Código de tipo de medio n
Fuente rdamedio
338 ## - Tipo de Soporte
Tipo de soporte volumen
Código de tipo de soporte nc
Fuente rdasoporte
500 ## - NOTA GENERAL
Nota general Incluye índice.
520 ## - NOTA DE RESUMEN, ETC.
Nota de sumario Señalo las causas que motivaron esta guerra, sus actores, en qué circunstancias trascurrió, los vencedores y vencidos, los males que causó, las lecciones que dejó en la historia del país, en la vida de los colombianos. La parte final del libro, está dedicada a la guerra de los Mil días en el sur de Colombia, en lo que hoy es el departamento de Nariño, las razones y circunstancias de la participación en ella del Ecuador por razones políticas, ya que Eloy Alfaro, presidente liberal radical ecuatoriano prestó ayuda económica y militar a los liberales revolucionarios colombianos. La fortaleza del gobierno conservador colombiano, sustentada en el ejército nacional, el apoyo que recibió de la iglesia católica, le permitió ganar la guerra, con relativa facilidad, a pesar de la dura resistencia liberal, especialmente en Santander, el oriente y el sur colombiano. La excesiva prolongación de la guerra por tres años, obligó a las partes a buscar la paz, sobre todo al liberalismo, que ya no estaba en condiciones de prolongarla.
650 14 - ASIENTO SECUNDARIO DE MATERIA - TÉRMINO TEMÁTICO
Fuente del encabezado o término LEMB
Encabezamiento temático Guerra de los mil días
650 14 - ASIENTO SECUNDARIO DE MATERIA - TÉRMINO TEMÁTICO
Fuente del encabezado o término LEMB
Encabezamiento temático Batalla de Palonegro
Subdivisión geográfica Santander, Colombia
650 14 - ASIENTO SECUNDARIO DE MATERIA - TÉRMINO TEMÁTICO
Fuente del encabezado o término LEMB
Encabezamiento temático Guerras civiles
Subdivisión geográfica Colombia
650 14 - ASIENTO SECUNDARIO DE MATERIA - TÉRMINO TEMÁTICO
Fuente del encabezado o término LEMB
Encabezamiento temático Historia
Subdivisión cronológica 1899-1902
651 ## - ASIENTO SECUNDARIO DE MATERIA - NOMBRE GEOGRÁFICO
Fuente del encabezado o término Colombia
Subdivisión general Guerra de los mil días
942 ## - ENTRADA DE ELEMENTOS AGREGADOS (KOHA
Fuente de clasificación o esquema de estantería. Dewey Decimal Classification
Tipo de ítem Libro
Existencias
Estado de pérdida Fuente del sistema de clasificación o colocación Estado de daño No disponible para préstamo Colección Biblioteca de origen Biblioteca actual Ubicación en estantería Signatura topográfica completa Ejemplar Código de barras Tipo de ítem Fecha de adquisición Fuente de adquisición Total de pagos Fecha de la última vez visto
  Dewey Decimal Classification     General Sala de Patrimonio Bibliográfico y Documental - Biblioteca Departamental Sala de Patrimonio Bibliográfico y Documental - Biblioteca Departamental Área General 986.106 B326g Ej.1 RIBPD16007 Libro 28/04/2026 Dotación MinCultura y BNC   28/04/2026